|
|
|
|
| LEADER |
00000nab a2200000 4500 |
| 001 |
vtls011888504 |
| 003 |
SK-MaSNL |
| 005 |
20260318122411.0 |
| 008 |
190920|2019 xo |||| || ||00 0|hun |
| 015 |
|
|
|a SNBRB2019/09
|
| 040 |
|
|
|a DSZK
|b slo
|c DSZK
|e rda
|
| 041 |
|
|
|a hun
|
| 043 |
|
|
|a e-xo---
|
| 044 |
|
|
|a xo
|c SK
|
| 072 |
|
7 |
|a 026/027
|x Knižnice
|2 konspekt
|
| 080 |
|
|
|a 026/027(437.6)
|2 2011
|
| 100 |
1 |
|
|a Póda, Erzsébet,
|d 1965-
|4 aut
|9 340268
|
| 245 |
1 |
0 |
|a "Emberben könyv, s a Könyvben az Ember"
|c Póda Erzsébet
|
| 246 |
3 |
|
|a Emberben könyv, s a Könyvben az Ember
|
| 300 |
|
|
|b Fotografie
|
| 336 |
|
|
|a text
|b txt
|2 rdacontent
|
| 337 |
|
|
|a bez média
|b n
|2 rdamedia
|
| 338 |
|
|
|a zväzok
|b nc
|2 rdacarrier
|
| 546 |
|
|
|a Dvojjazyčné vydanie
|
| 610 |
1 |
7 |
|a Blatná na Ostrove (Slovensko).
|b Obecná knižnica
|2 dszk
|9 116895
|
| 650 |
0 |
7 |
|a knižnice
|2 SNKPH
|9 17965
|
| 651 |
|
7 |
|a Blatná na Ostrove (Slovensko)
|2 SNKPHgeo
|9 99960
|
| 773 |
0 |
|
|t Csallóköz
|g Évf. 59, sz. 38 (2019), o. 16
|x 1336-3638
|
| 852 |
|
|
|a DSZK
|b KIS3GCP
|
| 958 |
|
|
|a SK
|
| 958 |
|
|
|a HU
|
| 958 |
|
|
|a RG
|
| 999 |
|
|
|c 3209708
|d 3211638
|